| 000 | 00333nam a22001217a 4500 | ||
|---|---|---|---|
| 008 | 250422b |||||||| |||| 00| 0 eng d | ||
| 020 | _a9789785092134 | ||
| 050 |
_aJE 100 _b.U36 |
||
| 100 | _aUjo A. Abelulhameed | ||
| 245 | _aUnderstanding the 2011 General Election in Nigeria | ||
| 260 |
_aKaduna, Nigeria _bIISEEM _c2012 |
||
| 942 | _cBK | ||
| 999 |
_c3101 _d3101 |
||